00352nam a2200157Ia 45000010006000000050017000060080041000230410008000640820017000721000024000892450023001132600009001363000033001456500008001786540008001861854420260306171638.0260306s9999||||xx |||||||||||||| ||und|| aESP a658.408bG77 aGraedel, T. E.eAUT 0aIndustrial ecology c2003 axix, 363 páginas :c24 cm. aGEN aCIA